LEADER 01301nam0-2200397---450 001 990008021010403321 005 20230906112356.0 010 $a88-207-2782-X 100 $a20050309d1998----km-y0itay50------ba 101 0 $aita 102 $aIT 105 $ay---n---001yy 200 1 $a<>processo civile romano$etesti latini con traduzione e note$ffonti raccolte da C. Pennacchio, I. de Falco, M. Penta$ga cura di G. Melillo, V. Giuffrè, A. Palma 210 $aNapoli$cLiguori$d1998 215 $a119 p.$d24 cm 225 1 $aSussidi didattici$v1 610 0 $aProcesso romano$aFonti 676 $a347.3707$v23$zita 702 1$aPennacchio,$bCarmela 702 1$aPenta,$bMargherita 702 1$aDe Falco,$bInes 702 1$aGiuffrè,$bVincenzo 702 1$aMelillo,$bGeneroso 702 1$aPalma,$bAntonio 801 0$aIT$bUNINA$gRICA$2UNIMARC 901 $aBK 912 $a990008021010403321 952 $aFONDO PROFESSOR ANTONIO GUARINO IV G 7 BIS$bG/1000$fFGBC 952 $aDirez. P-003$b3643 ddr$fDDR$m21-5021 952 $aDirez. P-003-bis$b3642 ddr$fDDR$m21-9807 952 $aXIII A 12$b196$fNAP02 952 $aFONDO PROFESSOR ANTONIO GUARINO IV G 7$bG/205$fFGBC 959 $aDDR 959 $aNAP02 996 $aProcesso civile romano$9754398 997 $aUNINA LEADER 01615nam 2200553 450 001 9910795954803321 005 20200520144314.0 010 $a1-118-56836-2 010 $a1-118-56837-0 010 $a1-78785-064-1 035 $a(CKB)24989752200041 035 $a(Au-PeEL)EBL4690034 035 $a(CaPaEBR)ebr11267169 035 $a(CaONFJC)MIL956230 035 $a(OCoLC)959149762 035 $a(JP-MeL)3000111158 035 $a(Au-PeEL)EBL7103811 035 $a(OCoLC)1347027579 035 $a(MiAaPQ)EBC4690034 035 $a(EXLCZ)9924989752200041 100 $a20160825h20172017 uy| 0 101 0 $aeng 135 $aur||||||||||| 181 $2rdacontent 182 $2rdamedia 183 $2rdacarrier 200 00$aBioenergy $eprinciples and applications /$fedited by Yebo Li, Samir Kumar Khanal 210 1$aHoboken :$cJohn Wiley & Sons, Incorporated,$d[2017] 210 4$d2017 215 $a1 online resource (600 pages) $cillustrations (some color), map 300 $a"With website"--Cover 300 $aIncludes bibliographical references and index 320 $aIncludes bibliographical references and index. 606 $aBiomass energy 606 $aRenewable energy sources 615 0$aBiomass energy. 615 0$aRenewable energy sources. 676 $a662/.88 686 $a501.6$2njb/09 686 $a662.88$2njb/09 702 $aKhanal$b Samir Kumar 702 $aLi$b Yebo 801 0$bMiAaPQ 801 1$bMiAaPQ 801 2$bMiAaPQ 906 $aBOOK 912 $a9910795954803321 996 $aBioenergy$93404248 997 $aUNINA